[Event "Molde CC-ch"]
[Site "Molde"]
[Date "2020.04.11"]
[Round "7"]
[White "Isachsen, Harald"]
[Black "Bredeli, Kent Ove I"]
[Result "1/2-1/2"]
[WhiteElo "1693"]
[BlackElo "1531"]
[PlyCount "63"]
[EventDate "2019.01.24"]
[EventType "swiss"]
[EventRounds "7"]
[EventCountry "NOR"]
[SourceTitle "EXT 2024"]
[Source "ChessBase"]
[SourceDate "2023.10.10"]
[SourceVersion "1"]
[SourceVersionDate "2023.10.10"]
[SourceQuality "1"]

1. e4 e6 2. Nf3 d5 3. exd5 exd5 4. d4 Nf6 5. Be2 Bg4 6. h3 Bh5 7. Bf4 Nbd7 8. 0-0 Be7 9. Nc3 c6 10. Ne5 Bxe2 11. Nxe2 0-0 12. c3 Ne4 13. f3 Ng5 14. Qd2 h6 15. Rfe1 Ne6 16. Bg3 Bg5 17. f4 Be7 18. Nc1 Nf6 19. Re2 Ne4 20. Qe3 c5 21. Kh2 Bd6 22. dxc5 Bxc5 23. Qf3 Bd6 24. Ncd3 Qe8 25. Nf2 f5 26. Nfd3 d4 27. c4 N6c5 28. Nxc5 Bxc5 29. Nd3 Qc6 30. b3 Bd6 31. Bf2 Nxf2 32. Qxf2 1/2-1/2

[Event "Helsingor Xtracon op"]
[Site "Helsingor"]
[Date "2019.07.25"]
[Round "7"]
[White "Bredeli, Kent Ove I"]
[Black "Kristensen, Thomas Overgaard"]
[Result "1-0"]
[WhiteElo "1515"]
[BlackElo "1700"]
[PlyCount "49"]
[EventDate "2019.07.20"]
[EventType "swiss"]
[EventRounds "10"]
[EventCountry "DEN"]
[SourceTitle "CBM 191 Extra"]
[Source "ChessBase"]
[SourceDate "2019.09.30"]
[SourceVersion "1"]
[SourceVersionDate "2019.09.30"]
[SourceQuality "1"]

1. d4 d5 2. Nf3 Nf6 3. Bf4 Bf5 4. e3 e6 5. c3 Nbd7 6. Bd3 Bg6 7. Qc2 Rc8 8. Nbd2 c5 9. Bxg6 hxg6 10. Ne5 cxd4 11. exd4 Bb4 12. Qd3 Ba5 13. Ndf3 Rh5 14. g4 Rh8 15. Nxg6 Ne4 16. Nxh8 Qf6 17. Bg3 Nxc3 18. 0-0 Ne4 19. Ne5 a6 20. Nhxf7 Nb6 21. f3 Nxg3 22. Nd6+ Ke7 23. Nxc8+ Nxc8 24. Qa3+ Nd6 25. hxg3 1-0

[Event "Helsingor Xtracon op"]
[Site "Helsingor"]
[Date "2019.07.23"]
[Round "5"]
[White "Bredeli, Kent Ove I"]
[Black "Rendlev, Niels Moller"]
[Result "1-0"]
[WhiteElo "1515"]
[BlackElo "1721"]
[PlyCount "59"]
[EventDate "2019.07.20"]
[EventType "swiss"]
[EventRounds "10"]
[EventCountry "DEN"]
[SourceTitle "CBM 191 Extra"]
[Source "ChessBase"]
[SourceDate "2019.09.30"]
[SourceVersion "1"]
[SourceVersionDate "2019.09.30"]
[SourceQuality "1"]

1. d4 d5 2. Nf3 c6 3. Bf4 f5 4. e3 Nf6 5. c4 e6 6. Nbd2 Be7 7. Bd3 0-0 8. Ne5 Nbd7 9. 0-0 a5 10. Ndf3 Ne4 11. Nxd7 Bxd7 12. Ne5 Be8 13. h3 g5 14. Bh2 Nf6 15. Be2 h5 16. g4 h4 17. Bd3 Ne4 18. f3 Nd6 19. c5 Nc8 20. Qc2 f4 21. exf4 gxf4 22. Bh7+ Kg7 23. Ng6 Rf6 24. Nxf4 Rh6 25. Rae1 Qd7 26. Bd3 Bg5 27. Qe2 Bf7 28. Qe5+ Bf6 29. Qe3 Ne7 30. Ng2 1-0

[Event "Helsingor Xtracon op"]
[Site "Helsingor"]
[Date "2019.07.21"]
[Round "2"]
[White "Hansen, Aksel"]
[Black "Bredeli, Kent Ove I"]
[Result "1/2-1/2"]
[WhiteElo "1790"]
[BlackElo "1515"]
[PlyCount "95"]
[EventDate "2019.07.20"]
[EventType "swiss"]
[EventRounds "10"]
[EventCountry "DEN"]
[SourceTitle "CBM 191 Extra"]
[Source "ChessBase"]
[SourceDate "2019.09.30"]
[SourceVersion "1"]
[SourceVersionDate "2019.09.30"]
[SourceQuality "1"]

1. d4 d5 2. Nf3 Nf6 3. g3 e6 4. Bg2 Bd6 5. Nbd2 Nbd7 6. 0-0 b6 7. Re1 Bb7 8. e4 Nxe4 9. Nxe4 dxe4 10. Ng5 Nf6 11. Qe2 0-0 12. c3 h6 13. Nxe4 Bxe4 14. Bxe4 Nxe4 15. Qxe4 c5 16. Be3 Rc8 17. Rad1 Qe7 18. dxc5 Bxc5 19. Rd2 Rfd8 20. Red1 Rxd2 21. Rxd2 Bxe3 22. Qxe3 Rd8 23. f3 Kf8 24. Kf2 Rxd2+ 25. Qxd2 Qc5+ 26. Qe3 Ke7 27. Qxc5+ bxc5 28. Ke3 Kd6 29. b4 cxb4 30. cxb4 Kd5 31. Kd3 f5 32. f4 g5 33. h3 gxf4 34. gxf4 e5 35. fxe5 Kxe5 36. h4 Kd5 37. h5 f4 38. a3 f3 39. Ke3 Kc4 40. Kxf3 Kb3 41. Kf4 Kxa3 42. b5 Kb4 43. Kf5 Kxb5 44. Kg6 a5 45. Kxh6 a4 46. Kg7 a3 47. h6 a2 48. h7 1/2-1/2

[Event "Narvik Rallarsjakken B"]
[Site "Narvik"]
[Date "2012.04.20"]
[Round "3"]
[White "Bredeli, Kent Ove I"]
[Black "Natvig, Hakon Tonulltre"]
[Result "0-1"]
[WhiteElo "678"]
[BlackElo "1344"]
[PlyCount "50"]
[EventDate "2012.04.20"]
[EventType "swiss"]
[EventRounds "5"]
[EventCountry "NOR"]
[SourceTitle "EXT 2024"]
[Source "ChessBase"]
[SourceDate "2023.10.10"]
[SourceVersion "1"]
[SourceVersionDate "2023.10.10"]
[SourceQuality "1"]

1. d4 d5 2. Nf3 Nf6 3. Bf4 c5 4. c3 cxd4 5. cxd4 Nc6 6. e3 Qa5+ 7. Nbd2 Bg4 8. Rg1 e6 9. a3 Be7 10. Bd3 Nh5 11. Bg3 Nxg3 12. hxg3 e5 13. dxe5 Nxe5 14. Qc2 Bxf3 15. gxf3 Nxf3+ 16. Ke2 Nxg1+ 17. Rxg1 g6 18. Qb3 Rb8 19. Bb5+ Kf8 20. Qxd5 Rd8 21. Qe5 Qxd2+ 22. Kf3 Qd5+ 23. Qxd5 Rxd5 24. Bc4 Rd2 25. Rb1 Kg7 0-1